2022 New York Yankees Leaders - Statistics

General Stats
  • This quiz has been taken 40 times
  • The average score is 20 of 56
Answer Stats
Statistic Player % Correct
OPS - 1.111 Aaron Judge
84%
BA - .311 Aaron Judge
81%
OBP - .425 Aaron Judge
81%
SLG - .686 Aaron Judge
81%
OPS+ - 211 Aaron Judge
81%
TB - 391 Aaron Judge
81%
H (Batting) - 177 Aaron Judge
77%
HR (Batting) - 62 Aaron Judge
77%
RBI - 131 Aaron Judge
77%
GDP - 14 Aaron Judge
77%
2B - 28 Donaldson/Judge/Torres
77%
G (Batting) - 157 Aaron Judge
74%
PA - 696 Aaron Judge
74%
AB - 570 Aaron Judge
74%
R (Batting) - 133 Aaron Judge
74%
BB (Batting) - 111 Aaron Judge
74%
SO (Batting) - 175 Aaron Judge
74%
HBP (Batting) - 23 Anthony Rizzo
58%
Oldest - 36 Carpenter/Donaldson
58%
Youngest - 22 Oswald Peraza
55%
IBB (Batting) - 19 Aaron Judge
48%
L - 8 Gerrit Cole
35%
GS - 33 Gerrit Cole
32%
IP - 200.2 Gerrit Cole
29%
ER - 78 Gerrit Cole
29%
BB (Pitching) - 50 Gerrit Cole
26%
SO (Pitching) - 257 Gerrit Cole
26%
HR (Pitching) - 33 Gerrit Cole
23%
SB - 22 Isiah Kiner-Falefa
23%
CS - 5 Rizzo/Torres
23%
SV - 20 Clay Holmes
19%
R (Pitching) - 81 Gerrit Cole
19%
W - 14 Jameson Taillon
19%
BK - 2 Gerrit Cole
16%
W-L% - .750 Nestor Cortes
16%
3B - 2 Aaron Hicks
13%
G (Pitching) - 62 Clay Holmes
13%
BF - 793 Gerrit Cole
13%
SO/W - 5.14 Gerrit Cole
13%
SF - 6 Josh Donaldson
13%
ERA - 2.29 Michael King
13%
GF - 32 Clay Holmes
10%
SH - 3 Gonzalez/Kiner-Falefa
10%
H (Pitching) - 168 Jameson Taillon
10%
CG - 1 Nestor Cortes
10%
SHO - 1 Nestor Cortes
10%
ERA+ - 172 Michael King
6%
FIP - 2.23 Michael King
6%
H9 - 6.1 Nestor Cortes
6%
WP - 6 Aroldis Chapman
3%
HBP (Pitching) - 9 Clay Holmes
3%
HR9 - 0.3 Holmes/Peralta
3%
BB9 - 1.6 Jameson Taillon
3%
SO9 - 11.6 Michael King
3%
WHIP - 0.922 Nestor Cortes
3%
IBB (Pitching) - 3 Clarke Schmidt
0%
No matching quizzes found
Score Distribution
Percent of People with Each Score
Percentile by Number Answered
Your Score History
You have not taken this quiz